Geometry and dynamics of groups and spaces : in memory of Alexander Reznikov
Αποθηκεύτηκε σε:
| Άλλοι συγγραφείς: | |
|---|---|
| Μορφή: | Βιβλίο |
| Γλώσσα: | English |
| Δημοσίευση: |
Basel ; Boston :
Birkhauser,
c2008
|
| Σειρά: | Progress in mathematics (Boston, Mass.)
; 265 |
| Θέματα: | |
| Ετικέτες: |
Προσθήκη ετικέτας
Δεν υπάρχουν, Καταχωρήστε ετικέτα πρώτοι!
|
MARC
| LEADER | 00000nam a2200000 i 4500 | ||
|---|---|---|---|
| 001 | 1/82397 | ||
| 008 | 080415s2008 eng d | ||
| 020 | |a 978-3-7643-8607-8 | ||
| 035 | |l 10096654 | ||
| 040 | |a GR-MY-UA |b gre |e aacr | ||
| 041 | 0 | |a eng | |
| 082 | 0 | |a 516 |2 (22) | |
| 245 | 1 | 0 | |a Geometry and dynamics of groups and spaces : |b in memory of Alexander Reznikov / |c Mikhail Kapranov ... [κ.ά.], editors |
| 260 | |a Basel ; Boston : |b Birkhauser, |c c2008 | ||
| 300 | |a xxiii, 742 σ.; |b εικ.; |c 24 εκ. | ||
| 490 | 1 | |a Progress in mathematics |v ; 265 | |
| 504 | |a Περιέχει βιβλιογραφικές παραπομπές | ||
| 600 | 1 | 0 | |a Reznikov Alexander |d 1960-2003. |
| 650 | 0 | 0 | |a Geometry. |
| 650 | 0 | 0 | |a Group theory. |
| 650 | 0 | 0 | |a Number theory. |
| 650 | 0 | 0 | |a Dynamics. |
| 650 | 0 | 0 | |a Functional analysis. |
| 650 | 0 | 0 | |a Topology. |
| 700 | 1 | |a Reznikov, Alexander |d 1960-2003. |4 hnr | |
| 700 | 1 | |a Kapranov, M. M. |q (Mikhail M.) |d 1962- |4 edt | |
| 830 | 0 | |a Progress in mathematics (Boston, Mass.) |v ; 265 | |
| 852 | |a INST |b SAMOS |e 20080415 |h 516 GEO |p 005300030459 |q 005300030459 |t BK |y 0 | ||
| 901 | |a BIBL3-2008-1 | ||
| 909 | |a Σ |b 151930 | ||
| 922 | |a 3ΕΛΗ |b 200803 |c ΕΠΕΑΕΚ2/ΤΜΗΜΑ ΜΑΘΗΜΑΤΙΚΩΝ |d ΕΛΕΥΘΕΡΟΥΔΑΚΗΣ | ||
| 970 | |a ΡΟΥΣΣΟΥ |b ΚΩΝΣΤΑΝΤΙΝΑ |z 2008/04/15 | ||